000
00301nam a2200121Ia 4500
008
220204s9999 xx 000 0 und d
082
_a
820MELV
_b
MEL
100
_a
Melville, Herman
245
0
_a
Moby dick, or the whale
260
_a
Chicago
_b
William Benton
_c
1952
505
_a
Set price
942
_c
BK
999
_c
36175
_d
36175